1191 1597 1428 1814 1239 1487 1005 1121 1420 1302 1110 1719 1666 1532 1502 1048 1210 1101 1380 1505 1199 1460 1840 1546 1904 1208 1039 1383 1939 1633 1019 1133 1326 1870 1149 1326 1366 1553 1368 1466 1947 1285 1602 1692 1583 1982 1006 1834 1350 1039 1077 1848 1152 1650 1499 1791 1790 1432 1744 1932 1449 1930 1027 1788 1466 1877 1193 1986 1125 1865 1751 1070 1732 1932 1626 1804 1776 1530 1496 1180 1144 1504 1782 1683 1125 1531 1204 1417 1103 1412 1211 1804 1949 1791 1651 1406 1028 1132 1401 BCNSPRNW ULIB Ver.6.0+V

เปลี่ยนเป็นภาษาไทย

Change to English
 แสดงรายละเอียดบรรณานุกรม
  กลับหน้าหลัก

Brief Record : Get Marc (ISO 2709) : E-mail record : QR code < ปิดหน้าต่าง
LEADER : 00000nam 2200000uu 4500
001    13399127465
003     ULIB
008    200602s2017||||th 000 0 tha d
020    ^a9781506256382 (pbk.)
050  4 ^aPE1128^bL887Be
100 1  ^aLougheed, Lin,^d1946-
245 10 ^aBarron s essential words for the IELTS /^cLin Lougheed
246 30 ^aEssential words for the IELTS
250    ^a3rd ed.
260    ^aHauppauge, N.Y. :^bBarron s Educational Series,^c2017
300    ^a379 p. :^bill. ;^c23 cm. +^e1 CD-ROM
650  0 ^aInternational English Language Testing System^vStudyguides
650  0 ^aEnglish language^vTextbooks for foreign speakers
650  0 ^aEnglish language^xExaminations^vStudy guides
650  0 ^aVocabulary^xExaminations^vStudy guides
653    ^aIELTS
945    ^p0^l0^i28371
999    ^aกัณชพร จุลอักษร
รายการนี้ยังไม่มีแท็ก
คุณยังไม่ได้ล็อกอิน คุณสามารถมีกิจกรรมร่วมกับเว็บไซต์ได้ แต่ต้องล็อกอินก่อน ::
  ล็อกอิน

รายการสื่อสารสนเทศ

ลำดับที่ ประเภท เลขเรียก/บาร์โค้ด สถานที่ สถานะ
1. หนังสือสำรอง
หนังสือสำรอง
PE1128 L887Be ฉ.1 
  Barcode: 28371
ห้องสมุดวิทยาเขตนครสวรรค์
►หนังสือทั่วไป:l:General Books
บนชั้น

BibComment


ยังไม่เคยถูกคอมเมนท์

คอมเมนท์ทรัพยากรรายการนี้
  คอมเมนท์: Barron s essenti..


 Copyright 2026. Bcnsprnw @Library